Sports Quiz

Random Sports or NBA Quiz
Score 0/300 Timer 10:00
9 Plays Today
Team Name of Player % Correct
Cleveland CavaliersLeBron James
94.7%
Cleveland CavaliersLeBron James
94.7%
Cleveland CavaliersLeBron James
94.7%
Cleveland CavaliersLeBron James
94.7%
Cleveland CavaliersLeBron James
94.7%
Los Angeles LakersLeBron James
94.7%
Miami HeatLeBron James
94.7%
Miami HeatLeBron James
94.7%
Miami HeatLeBron James
94.7%
Miami HeatLeBron James
94.7%
Golden State WarriorsKevin Durant
90.6%
Golden State WarriorsKevin Durant
90.6%
Golden State WarriorsKevin Durant
90.6%
Oklahoma City ThunderKevin Durant
90.6%
Oklahoma City ThunderKevin Durant
90.6%
Oklahoma City ThunderKevin Durant
90.6%
Oklahoma City ThunderKevin Durant
90.6%
Oklahoma City ThunderKevin Durant
90.6%
Oklahoma City ThunderKevin Durant
90.6%
Oklahoma City ThunderKevin Durant
90.6%
Indiana PacersPaul George
84.7%
Indiana PacersPaul George
84.7%
Indiana PacersPaul George
84.7%
Indiana PacersPaul George
84.7%
Oklahoma City ThunderPaul George
84.7%
Oklahoma City ThunderPaul George
84.7%
Boston CelticsJayson Tatum
82.9%
Boston CelticsJayson Tatum
82.9%
Boston CelticsPaul Pierce
79.7%
Boston CelticsPaul Pierce
79.7%
Boston CelticsPaul Pierce
79.7%
Boston CelticsPaul Pierce
79.7%
Los Angeles ClippersPaul Pierce
79.7%
New Jersey/Brooklyn NetsPaul Pierce
79.7%
Washington WizardsPaul Pierce
79.7%
Chicago BullsJimmy Butler
78.1%
Philadelphia 76ersJimmy Butler
78.1%
Denver NuggetsCarmelo Anthony
78%
Denver NuggetsCarmelo Anthony
78%
New York KnicksCarmelo Anthony
78%
New York KnicksCarmelo Anthony
78%
New York KnicksCarmelo Anthony
78%
New York KnicksCarmelo Anthony
78%
New York KnicksCarmelo Anthony
78%
New York KnicksCarmelo Anthony
78%
New York KnicksCarmelo Anthony
78%
Dallas MavericksCaron Butler
77.5%
Los Angeles ClippersCaron Butler
77.5%
Los Angeles ClippersCaron Butler
77.5%
Washington WizardsCaron Butler
77.5%
Los Angeles ClippersRasual Butler
77.4%
San Antonio SpursKawhi Leonard
76.1%
San Antonio SpursKawhi Leonard
76.1%
San Antonio SpursKawhi Leonard
76.1%
San Antonio SpursKawhi Leonard
76.1%
San Antonio SpursKawhi Leonard
76.1%
San Antonio SpursKawhi Leonard
76.1%
Toronto RaptorsKawhi Leonard
76.1%
Golden State WarriorsHarrison Barnes
74%
Golden State WarriorsHarrison Barnes
74%
Golden State WarriorsHarrison Barnes
74%
Los Angeles ClippersMatt Barnes
73.7%
Memphis GrizzliesMatt Barnes
73.7%
Orlando MagicMatt Barnes
73.7%
Minnesota TimberwolvesAndrew Wiggins
69.8%
Minnesota TimberwolvesAndrew Wiggins
69.8%
Minnesota TimberwolvesAndrew Wiggins
69.8%
Minnesota TimberwolvesAndrew Wiggins
69.8%
Milwaukee BucksGiannis Antetokounmpo
69.6%
Milwaukee BucksGiannis Antetokounmpo
69.6%
New Jersey/Brooklyn NetsJoe Johnson
66.6%
New Jersey/Brooklyn NetsJoe Johnson
66.6%
Los Angeles ClippersWesley Johnson
66.2%
Los Angeles LakersWesley Johnson
66.2%
Los Angeles LakersWesley Johnson
66.2%
Minnesota TimberwolvesWesley Johnson
66.2%
Milwaukee BucksKhris Middleton
66.1%
Milwaukee BucksKhris Middleton
66.1%
Milwaukee BucksKhris Middleton
66.1%
Milwaukee BucksKhris Middleton
66.1%
Toronto RaptorsJames Johnson
66.1%
Toronto RaptorsJames Johnson
66.1%
Utah JazzGordon Hayward
65.6%
Utah JazzGordon Hayward
65.6%
Utah JazzGordon Hayward
65.6%
Utah JazzGordon Hayward
65.6%
Utah JazzGordon Hayward
65.6%
Utah JazzGordon Hayward
65.6%
Charlotte Hornets/BobcatsNicolas Batum
65.2%
Charlotte Hornets/BobcatsNicolas Batum
65.2%
Portland Trail BlazersNicolas Batum
65.2%
Portland Trail BlazersNicolas Batum
65.2%
Portland Trail BlazersNicolas Batum
65.2%
Portland Trail BlazersNicolas Batum
65.2%
Houston RocketsTrevor Ariza
62%
Houston RocketsTrevor Ariza
62%
Houston RocketsTrevor Ariza
62%
Houston RocketsTrevor Ariza
62%
Houston RocketsTrevor Ariza
62%
New Orleans PelicansTrevor Ariza
62%
Team Name of Player % Correct
New Orleans PelicansTrevor Ariza
62%
Phoenix SunsTrevor Ariza
62%
Washington WizardsTrevor Ariza
62%
Atlanta HawksTaurean Prince
60.8%
Atlanta HawksTaurean Prince
60.8%
Detroit PistonsTayshaun Prince
60.7%
Detroit PistonsTayshaun Prince
60.7%
Detroit PistonsTayshaun Prince
60.7%
Detroit PistonsTayshaun Prince
60.7%
Memphis GrizzliesTayshaun Prince
60.7%
Orlando MagicTobias Harris
60.1%
New Jersey/Brooklyn NetsJoe Harris
59.9%
Boston CelticsJeff Green
59.5%
Boston CelticsJeff Green
59.5%
Memphis GrizzliesJeff Green
59.5%
Washington WizardsOtto Porter
58.8%
Washington WizardsOtto Porter
58.8%
Washington WizardsOtto Porter
58.8%
Washington WizardsOtto Porter
58.8%
Orlando MagicAaron Gordon
58.2%
Los Angeles LakersBrandon Ingram
57.9%
Los Angeles LakersBrandon Ingram
57.9%
Chicago BullsLuol Deng
55.3%
Chicago BullsLuol Deng
55.3%
Chicago BullsLuol Deng
55.3%
Chicago BullsLuol Deng
55.3%
Cleveland CavaliersLuol Deng
55.3%
Miami HeatLuol Deng
55.3%
Miami HeatLuol Deng
55.3%
Golden State WarriorsAndre Iguodala
54.8%
Philadelphia 76ersAndre Iguodala
54.8%
Philadelphia 76ersAndre Iguodala
54.8%
Philadelphia 76ersAndre Iguodala
54.8%
Detroit PistonsJosh Smith
54.4%
Minnesota TimberwolvesRobert Covington
52.2%
Philadelphia 76ersRobert Covington
52.2%
Philadelphia 76ersRobert Covington
52.2%
Philadelphia 76ersRobert Covington
52.2%
Philadelphia 76ersRobert Covington
52.2%
Memphis GrizzliesRudy Gay
49.1%
Memphis GrizzliesRudy Gay
49.1%
Memphis GrizzliesRudy Gay
49.1%
Memphis GrizzliesRudy Gay
49.1%
Sacramento KingsRudy Gay
49.1%
Sacramento KingsRudy Gay
49.1%
Sacramento KingsRudy Gay
49.1%
Sacramento KingsRudy Gay
49.1%
San Antonio SpursRudy Gay
49.1%
Toronto RaptorsRudy Gay
49.1%
Atlanta HawksKent Bazemore
49.1%
Atlanta HawksKent Bazemore
49.1%
Phoenix SunsP.J. Tucker
48.7%
Phoenix SunsP.J. Tucker
48.7%
Phoenix SunsP.J. Tucker
48.7%
Atlanta HawksKyle Korver
48.5%
Charlotte Hornets/BobcatsMichael Kidd-Gilchrist
47.6%
Charlotte Hornets/BobcatsMichael Kidd-Gilchrist
47.6%
Charlotte Hornets/BobcatsMichael Kidd-Gilchrist
47.6%
Charlotte Hornets/BobcatsMichael Kidd-Gilchrist
47.6%
Charlotte Hornets/BobcatsMichael Kidd-Gilchrist
47.6%
Denver NuggetsDanilo Gallinari
47.3%
Denver NuggetsDanilo Gallinari
47.3%
Denver NuggetsDanilo Gallinari
47.3%
Denver NuggetsDanilo Gallinari
47.3%
Los Angeles ClippersDanilo Gallinari
47.3%
New York KnicksDanilo Gallinari
47.3%
Miami HeatJosh Richardson
47.1%
Miami HeatQuentin Richardson
47%
Indiana PacersBojan Bogdanovic
47%
Indiana PacersBojan Bogdanovic
47%
Indiana PacersDanny Granger
46.5%
Indiana PacersDanny Granger
46.5%
Indiana PacersDanny Granger
46.5%
Utah JazzJoe Ingles
46.2%
Utah JazzJoe Ingles
46.2%
Cleveland CavaliersCedi Osman
46%
Boston CelticsJae Crowder
45.9%
Boston CelticsJae Crowder
45.9%
Atlanta HawksDeMarre Carroll
44.8%
Atlanta HawksDeMarre Carroll
44.8%
New Jersey/Brooklyn NetsDeMarre Carroll
44.8%
Toronto RaptorsDeMarre Carroll
44.8%
Toronto RaptorsDeMarre Carroll
44.8%
Los Angeles LakersKobe Bryant
44.7%
Atlanta HawksMarvin Williams
44.1%
Atlanta HawksMarvin Williams
44.1%
Atlanta HawksMarvin Williams
43.9%
Sacramento KingsJustin Jackson
42.5%
Dallas MavericksWesley Matthews
42.1%
Dallas MavericksWesley Matthews
42.1%
Utah JazzWesley Matthews
42.1%
Dallas MavericksWesley Matthews
42.1%
Dallas MavericksWesley Matthews
42.1%
Los Angeles LakersRon Artest
38.4%
Los Angeles LakersRon Artest
38.4%
Los Angeles LakersRon Artest
38.4%
Los Angeles LakersRon Artest
38.4%
Dallas MavericksShawn Marion
37.3%
Dallas MavericksShawn Marion
37.3%
Dallas MavericksShawn Marion
37.3%
Team Name of Player % Correct
Dallas MavericksShawn Marion
37.3%
Oklahoma City ThunderAndre Roberson
37.1%
New Orleans PelicansAl-Farouq Aminu
37%
New Orleans PelicansAl-Farouq Aminu
37%
Portland Trail BlazersAl-Farouq Aminu
37%
Dallas MavericksChandler Parsons
35.1%
Houston RocketsChandler Parsons
35.1%
Houston RocketsChandler Parsons
35.1%
Houston RocketsChandler Parsons
35.1%
Denver NuggetsWilson Chandler
35%
Denver NuggetsWilson Chandler
35%
Denver NuggetsWilson Chandler
35%
Philadelphia 76ersEvan Turner
34.1%
Philadelphia 76ersEvan Turner
34.1%
Portland Trail BlazersEvan Turner
34.1%
Charlotte Hornets/BobcatsGerald Wallace
33.2%
Charlotte Hornets/BobcatsGerald Wallace
33.2%
New Jersey/Brooklyn NetsGerald Wallace
33.2%
Portland Trail BlazersGerald Wallace
33.2%
Chicago BullsJustin Holiday
32.7%
Indiana PacersSolomon Hill
32.6%
New Orleans PelicansSolomon Hill
32.6%
Phoenix SunsGrant Hill
32.6%
Phoenix SunsGrant Hill
32.6%
Phoenix SunsGrant Hill
32.6%
Cleveland CavaliersAnthony Parker
32.5%
Cleveland CavaliersAnthony Parker
32.5%
Phoenix SunsT.J. Warren
32.3%
Phoenix SunsT.J. Warren
32.3%
New Orleans PelicansE'Twaun Moore
31.6%
New Orleans PelicansE'Twaun Moore
31.6%
Orlando MagicEvan Fournier
29.1%
Orlando MagicEvan Fournier
29.1%
Memphis GrizzliesKyle Anderson
28.9%
San Antonio SpursKyle Anderson
28.9%
New York KnicksKevin Knox
28.1%
Detroit PistonsMarcus Morris
28%
Detroit PistonsMarcus Morris
28%
Detroit PistonsReggie Bullock
27.3%
Orlando MagicJonathan Isaac
26.8%
Portland Trail BlazersMaurice Harkless
25.9%
Chicago BullsDenzel Valentine
23.6%
Toronto RaptorsTerrence Ross
22.3%
Toronto RaptorsTerrence Ross
22.3%
San Antonio SpursRichard Jefferson
21.6%
San Antonio SpursRichard Jefferson
21.6%
Memphis GrizzliesDillon Brooks
21%
Memphis GrizzliesJames Ennis
19.6%
Houston RocketsJames Ennis
19.6%
Chicago BullsMike Dunleavy
18.1%
Chicago BullsMike Dunleavy
18.1%
Chicago BullsMike Dunleavy
18.1%
Orlando MagicHedo Turkoglu
17.7%
Orlando MagicHedo Turkoglu
17.7%
Toronto RaptorsHedo Turkoglu
17.7%
Denver NuggetsJuan Hernangomez
16.9%
Detroit PistonsGlenn Robinson
16.4%
Toronto RaptorsOG Anunoby
15.6%
New Jersey/Brooklyn NetsRondae Hollis-Jefferson
15.5%
New York KnicksLance Thomas
14.5%
Miami HeatRodney McGruder
14.4%
Charlotte Hornets/BobcatsCorey Maggette
13.7%
Golden State WarriorsCorey Maggette
13.7%
Sacramento KingsIman Shumpert
13.5%
Los Angeles ClippersJared Dudley
12.4%
Phoenix SunsJared Dudley
12.4%
Washington WizardsRashard Lewis
12.2%
Minnesota TimberwolvesCorey Brewer
12%
Minnesota TimberwolvesMichael Beasley
11.7%
Portland Trail BlazersJake Layman
11.6%
Cleveland CavaliersAlonzo Gee
11.5%
Houston RocketsShane Battier
11.3%
New Orleans PelicansPeja Stojakovic
11.2%
Minnesota TimberwolvesAndrei Kirilenko
10.6%
Utah JazzAndrei Kirilenko
10.6%
Orlando MagicArron Afflalo
10.2%
Orlando MagicArron Afflalo
10.2%
Los Angeles ClippersLuc Mbah a Moute
9.7%
Milwaukee BucksLuc Mbah a Moute
9.7%
Sacramento KingsJohn Salmons
8.5%
Sacramento KingsJohn Salmons
8.5%
Golden State WarriorsDorell Wright
7.1%
Golden State WarriorsDorell Wright
7.1%
Milwaukee BucksCarlos Delfino
6.7%
Milwaukee BucksCarlos Delfino
6.7%
Milwaukee BucksCarlos Delfino
6.7%
New Jersey/Brooklyn NetsDeShawn Stevenson
6.3%
New Orleans PelicansDante Cunningham
6%
New Orleans PelicansDante Cunningham
6%
Detroit PistonsKyle Singler
6%
Sacramento KingsOmri Casspi
5.5%
New Jersey/Brooklyn NetsChris Douglas-Roberts
5%
Portland Trail BlazersMartell Webster
4.1%
Washington WizardsMartell Webster
4.1%
Miami HeatLuke Babbitt
3.9%
Los Angeles ClippersRyan Gomes
3.6%
Minnesota TimberwolvesRyan Gomes
3.6%
New Jersey/Brooklyn NetsTravis Outlaw
3.3%
Sacramento KingsDonte Greene
3.1%
Washington WizardsChris Singleton
2.4%
Remove Ads.
Support Sporcle.
Get the best of Sporcle when you Go Orange. This ad-free experience offers more features, more stats, and more fun while also helping to support Sporcle. Thank you for becoming a member.

You're not logged in!

Compare scores with friends on all Sporcle quizzes.
OR
Log In

Show Comments

Extras

Top Quizzes Today


Score Distribution

Your Account Isn't Verified!

In order to create a playlist on Sporcle, you need to verify the email address you used during registration. Go to your Sporcle Settings to finish the process.

Report this User

Report this user for behavior that violates our Community Guidelines.

Details: